00382nam a2200145Ia 4500008004100000020001500041041001200056082001600068100001700084245005600101260003500157300000800192650001600200700002000216221030s9999 xx 000 0 und d a8121914388 aEnglish a105.23bKan aP. Kandasamy 0aNumerical Methodscby P. Kandasamy, K. Thilagavathy bS. Chand & CoaNew Delhic2002 a527 aBE Computer aK. Thilagavathy